| 000 | 00538nam a2200169Ia 4500 | ||
|---|---|---|---|
| 008 | 110201s9999 xx 000 0 und d | ||
| 082 |
_bB8181 _aS 1391 |
||
| 100 | _aअभ्यंकर रा. वि. | ||
| 245 | _aदक्षिण भारत | ||
| 260 | _bअमोद प्रकाशन | ||
| 365 | _b130 | ||
| 600 | _aअभ्यंकर रा. वि. | ||
| 630 | _aदक्षिण भारत | ||
| 700 | _aअभ्यंकर रा. वि. | ||
| 730 | _aदक्षिण भारत | ||
| 942 | _cBOOK | ||
| 999 |
_c833671 _d833668 |
||